[Event "The First Jerusalem Open"]
[Site "SchemingMind.com"]
[Date "2007.11.25"]
[Round "-"]
[White "reptile"]
[Black "SLAINTIE MHATH"]
[Result "1-0"]
[WhiteCountry "ISR"]
[BlackCountry "POL"]
[WhiteElo "1810"]
[WhiteRD "88"]
[BlackElo "1702"]
[BlackRD "68"]
[GameID "130454"]

1. d4 d5 2. c4 h6 3. Nf3 Bf5 4. Nc3 e6 5. g3 c6 6. Bg2 Bb4 7. Qb3 a5 8. a3 Bxc3+ 9. bxc3 Qe7 10. Bf4 Be4
11. c5 g5 12. Bd6 Qd7 13. Ne5 Qc8 14. Bxe4 dxe4 15. Rb1 Nd7 16. Nc4 Ngf6 17. O-O Ra7 18. Nb6 Qd8 19. Nc4 g4 20. Rb2 Nd5
21. Rfb1 f5 22. Qc2 Kf7 23. Rxb7 Rxb7 24. Rxb7 Kg6 25. Rxd7 Qg5 26. Ne5+ Kh5 27. Nf7 Qg7 28. Be5 Nf6 29. Bxf6 Qxf6 30. Nxh8 Qxh8
31. Qb3 Qe8 32. Qb7 f4 33. gxf4 Kh4 34. Kg2 Qg6 35. Rg7 Qf5 36. Qe7+ Kh5 37. Qf7+
1-0

[Event "The First Jerusalem Open"]
[Site "SchemingMind.com"]
[Date "2007.11.28"]
[Round "-"]
[White "esteves101"]
[Black "reptile"]
[Result "1-0"]
[WhiteCountry "PHI"]
[BlackCountry "ISR"]
[WhiteElo "2129"]
[WhiteRD "63"]
[BlackElo "1773"]
[BlackRD "94"]
[GameID "130784"]

1. e4 e5 2. Nf3 Nc6 3. Bb5 a6 4. Bxc6 dxc6 5. O-O f6 6. Nc3 Bg4 7. h3 Bh5 8. g4 Bf7 9. d4 exd4 10. Qxd4 Qxd4
11. Nxd4 O-O-O 12. Be3 Ne7 13. Rfd1 Ng6 14. Nf5 Rxd1+ 15. Rxd1 Ne5 16. Kg2 Rg8 17. Bd4 Nc4 18. Ne2 Nd6 19. Nfg3 Nb5= 20. Be3 Nd6
21. Kf3 Nc4 22. Bd4 Bd6 23. Nf5 Bf8= 24. a4 b5 25. b3 Na3 26. axb5 cxb5 27. Ne3 c5 28. Bb2 c4 29. b4 Bxb4 30. Ra1 Nxc2
31. Nxc2 a5 32. Ned4 c3 33. Bc1 Bc4 34. Ba3 Rd8 35. Ke3 Bd6 36. Bxd6 Rxd6 37. Rxa5 Rb6 38. Na3 Bf1 39. Naxb5 c2 40. Kd2 Bxh3
41. Ra8+ Kb7 42. Ra7+ Kc8 43. Rxg7 Bf1 44. Na7+ Kd8 45. Nac6+ Kc8 46. Kxc2
1-0

[Event "The First Jerusalem Open"]
[Site "SchemingMind.com"]
[Date "2007.11.28"]
[Round "-"]
[White "esteves101"]
[Black "SLAINTIE MHATH"]
[Result "1-0"]
[WhiteCountry "PHI"]
[BlackCountry "POL"]
[WhiteElo "2039"]
[WhiteRD "86"]
[BlackElo "1702"]
[BlackRD "68"]
[GameID "130785"]

1. e4 e5 2. Nf3 f6 3. Bc4 Bb4 4. Nxe5 fxe5 5. Qh5+ g6 6. Qxe5+ Qe7 7. Qxh8 Qf6 8. Qxg8+ Bf8 9. Qxh7 Nc6 10. Nc3 Ne7
11. d3 d6 12. Bg5 Qg7 13. Qh4 Bd7 14. Bf6 g5 15. Bxg5 O-O-O 16. Qf4 Re8 17. Bf7 Ng6 18. Qf6 Qxf6 19. Bxf6 Re6 20. Bxe6 Bxe6
21. g3 a6 22. f4
1-0

[Event "The First Jerusalem Open"]
[Site "SchemingMind.com"]
[Date "2007.12.01"]
[Round "-"]
[White "reptile"]
[Black "esteves101"]
[Result "0-1"]
[WhiteCountry "ISR"]
[BlackCountry "PHI"]
[WhiteElo "1818"]
[WhiteRD "85"]
[BlackElo "2013"]
[BlackRD "63"]
[GameID "130786"]

1. d4 Nf6 2. c4 e6 3. Nc3 Bb4 4. e3 O-O 5. Bd3 Nc6 6. Ne2 d5 7. O-O dxc4 8. Bxc4 e5 9. dxe5 Nxe5 10. Qb3 Qe7
11. a3 Bd6 12. Ng3 Nxc4 13. Qxc4 Rd8 14. e4 Be6 15. Qe2 Ng4 16. h3 Bxg3 17. fxg3 Ne5 18. Kh1 Bc4 19. Qf2 Bxf1 20. Qxf1 Rd7
21. Bf4 c6 22. b4 Rad8 23. g4 Rd3 24. Rc1 Nc4 25. Nd5 Qxe4 26. Nc3 Rxh3+ 27. Kg1 Qd4+
0-1

[Event "The First Jerusalem Open"]
[Site "SchemingMind.com"]
[Date "2007.12.01"]
[Round "-"]
[White "SLAINTIE MHATH"]
[Black "esteves101"]
[Result "0-1"]
[WhiteCountry "POL"]
[BlackCountry "PHI"]
[WhiteElo "1625"]
[WhiteRD "54"]
[BlackElo "2077"]
[BlackRD "76"]
[GameID "130787"]

1. d4 Nf6 2. Nc3 d5 3. Bg5 h6 4. Bxf6 exf6 5. a3 Bg4 6. h3 Be6 7. e3 Nc6 8. Bb5 Qd6 9. Nge2 O-O-O 10. b4 h5
11. Nf4 h4 12. Rb1 f5 13. Na4 Bd7 14. Nc5 g5 15. Nfd3 Be6 16. c3 Nb8 17. Nxe6 fxe6 18. Nc5 Rg8 19. Qh5 Qe7 20. Qe2 Qf6
21. Qd1 g4 22. hxg4 Rxg4 23. Qa4 f4 24. Qxa7 Bxc5 25. bxc5 fxe3 26. fxe3 Rxg2 27. Rf1 Qg6 28. Bd7+ Kxd7 29. Rxb7 Ke7 30. Rxc7+ Nd7
31. Qb6 Ke8 32. Qd6 Qb1#
0-1

[Event "The First Jerusalem Open"]
[Site "SchemingMind.com"]
[Date "2007.12.01"]
[Round "-"]
[White "Chess_Man01"]
[Black "reptile"]
[Result "1-0"]
[WhiteCountry "GBR"]
[BlackCountry "ISR"]
[WhiteElo "2283"]
[WhiteRD "55"]
[BlackElo "1806"]
[BlackRD "85"]
[GameID "131207"]

1. e4 e5 2. Nf3 Nc6 3. Bc4 Bc5 4. c3 Bb6 5. d4 Qe7 6. O-O Nf6 7. d5 Nb8 8. Bg5 d6 9. a4 a6 10. a5 Ba7
11. b4 h6 12. Bxf6 Qxf6 13. Be2 O-O 14. c4 Qg6 15. Nbd2 f5 16. Nh4 Qf6 17. Nxf5 Bxf5 18. exf5 Qxf5 19. Ra3 Qg5 20. Rg3 Qe7
21. Bd3 Nd7 22. Qh5 Nf6 23. Qxh6 Qf7 24. Ne4 Nxe4 25. Bxe4 Qxf2+ 26. Rxf2 Bxf2+ 27. Kh1 Bxg3 28. Qe6+ Kh8 29. Qh3+ Kg8 30. Bh7+
1-0

[Event "The First Jerusalem Open"]
[Site "SchemingMind.com"]
[Date "2007.12.01"]
[Round "-"]
[White "Chess_Man01"]
[Black "esteves101"]
[Result "1-0"]
[WhiteCountry "GBR"]
[BlackCountry "PHI"]
[WhiteElo "2277"]
[WhiteRD "63"]
[BlackElo "2129"]
[BlackRD "63"]
[GameID "131208"]

1. e4 e5 2. Nf3 Nf6 3. Nxe5 Qe7 4. Nf3 Qxe4+ 5. Be2 Bd6 6. Nc3 Qg4 7. O-O O-O 8. d4 Nc6 9. Nb5 Re8 10. c4 a6
11. Nxd6 cxd6 12. d5 Rxe2 13. Qxe2 Ne5 14. b3 b5 15. Bb2 bxc4 16. bxc4 Nxf3+ 17. Qxf3 Qxf3 18. gxf3 a5 19. Bxf6 gxf6 20. Rab1 Ba6
21. Rfc1 Rc8 22. Rb6 Rxc4 23. Rxc4 Bxc4 24. Rxd6 Bb5 25. Rxf6 Kg7 26. Rd6 h6 27. a3 Kh7 28. Rb6 Bc4 29. d6 Kg6 30. Rb7 Kf5
31. Rxd7 Ke6 32. Ra7 Kxd6 33. Rxa5 Bd5 34. Rxd5+ Kxd5 35. Kg2 Kc4 36. Kg3 Kb3 37. Kg4 Kxa3 38. Kh5 Kb2 39. Kxh6 Kc3 40. Kg5 Kd4
41. h4 Ke5 42. f4+ Ke6 43. h5 Ke7 44. f5 Kf8 45. Kf6 Kg8 46. h6
1-0

[Event "The First Jerusalem Open"]
[Site "SchemingMind.com"]
[Date "2007.12.01"]
[Round "-"]
[White "Chess_Man01"]
[Black "SLAINTIE MHATH"]
[Result "1-0"]
[WhiteCountry "GBR"]
[BlackCountry "POL"]
[WhiteElo "2139"]
[WhiteRD "81"]
[BlackElo "1702"]
[BlackRD "68"]
[GameID "131209"]

1. c4 c5 2. Nc3 e5 3. d3 h6 4. g3 Nc6 5. Bg2 g6 6. Nf3 Nf6 7. e4 d6 8. Be3 Ng4 9. Qd2 Nxe3 10. fxe3 Be6
11. a3 Bg7 12. O-O h5 13. Nd5 g5 14. Qf2 f6 15. b4 b6 16. b5 Ne7 17. a4 Bxd5 18. exd5 g4 19. Nh4 Qd7 20. Nf5 Nxf5
21. Qxf5 Qxf5 22. Rxf5 Ke7 23. a5 Bh6 24. Kf2 Bg5 25. Ke2 h4 26. gxh4 Rxh4 27. axb6 Rxh2 28. Rxa7+ Rxa7 29. bxa7 Rxg2+ 30. Rf2
1-0

[Event "The First Jerusalem Open"]
[Site "SchemingMind.com"]
[Date "2007.12.01"]
[Round "-"]
[White "reptile"]
[Black "Chess_Man01"]
[Result "0-1"]
[WhiteCountry "ISR"]
[BlackCountry "GBR"]
[WhiteElo "1806"]
[WhiteRD "85"]
[BlackElo "2283"]
[BlackRD "55"]
[GameID "131210"]

1. d4 e6 2. c4 Nf6 3. Nc3 Bb4 4. e3 b6 5. Bd3 c5 6. Nf3 d6 7. O-O Bb7 8. Qe2 O-O 9. Bd2 Nbd7 10. a3 Bxc3
11. bxc3 Ne4 12. Ne1 f5 13. f3 Nxd2 14. Qxd2 Qg5 15. f4 Qe7 16. a4 Nf6 17. Nf3 Ne4 18. Bxe4 fxe4 19. Ng5 h6 20. Nh3 Ba6
21. Nf2 Bxc4 22. Nxe4 Bxf1 23. Rxf1 d5 24. Nf2 Qd7 25. Qc2 cxd4 26. cxd4 Rac8 27. Qg6 Rf6 28. Qg3 Qxa4 29. Nd3 Qa3 30. Ne5 Rc1
31. Nd7 Rf7
0-1

[Event "The First Jerusalem Open"]
[Site "SchemingMind.com"]
[Date "2007.12.01"]
[Round "-"]
[White "esteves101"]
[Black "Chess_Man01"]
[Result "1/2-1/2"]
[WhiteCountry "PHI"]
[BlackCountry "GBR"]
[WhiteElo "2040"]
[WhiteRD "67"]
[BlackElo "2263"]
[BlackRD "56"]
[GameID "131211"]

1. e4 g5 2. d4 h6 3. Nc3 Bg7 4. Be3 d6 5. Qd2 Bd7 6. O-O-O Nf6 7. h4 gxh4 8. f3 Nc6 9. Rxh4 e6 10. g3 Qe7
11. Kb1 a6 12. d5 Ne5 13. dxe6 fxe6 14. Bxh6 O-O-O 15. Bg5 Nf7 16. Rxh8 Rxh8 17. Be3 Ne5 18. Qf2 Be8 19. g4 Nfd7 20. Ka1 Ng6
21. Qd2 Nde5 22. Qe2 Rf8 23. Bg2 Qh4 24. Bf1 Qe7=
1/2-1/2

[Event "The First Jerusalem Open"]
[Site "SchemingMind.com"]
[Date "2007.12.01"]
[Round "-"]
[White "SLAINTIE MHATH"]
[Black "Chess_Man01"]
[Result "0-1"]
[WhiteCountry "POL"]
[BlackCountry "GBR"]
[WhiteElo "1702"]
[WhiteRD "68"]
[BlackElo "2139"]
[BlackRD "81"]
[GameID "131212"]

1. d4 Nf6 2. c4 e6 3. Bg5 Be7 4. Bxf6 Bxf6 5. e4 d6 6. Nf3 O-O 7. Nc3 c5 8. e5 dxe5 9. dxe5 Qxd1+ 10. Rxd1 Be7
11. Bd3 Nc6 12. a3 a6 13. h4 b6 14. Ng5 h6 15. Nf3 Rd8 16. g4 g6 17. Be4 Rxd1+ 18. Nxd1 Bb7 19. O-O Rd8 20. Ne3 Na5
21. Bxb7 Nxb7 22. Kg2 Na5 23. Kg3 Nb3 24. Rd1 Rxd1 25. Nxd1 Nc1 26. Nd2 Nd3 27. f4 g5 28. fxg5 hxg5 29. h5 Nxe5 30. b3 f5
31. Nf3 f4+ 32. Kg2 Nxg4 33. Nf2 Nxf2 34. Kxf2 Kg7 35. Ne5 Kh6 36. Nd7 Kxh5 37. Nxb6 g4 38. Nd7 Kg5 39. b4 cxb4 40. axb4 Bxb4
41. c5 Kf5 42. c6 Bd6 43. Nc5 Bxc5+
0-1

[Event "The First Jerusalem Open"]
[Site "SchemingMind.com"]
[Date "2007.12.07"]
[Round "-"]
[White "egis"]
[Black "reptile"]
[Result "0-1"]
[WhiteCountry "LTU"]
[BlackCountry "ISR"]
[WhiteElo "2002"]
[WhiteRD "85"]
[BlackElo "1853"]
[BlackRD "91"]
[GameID "131476"]

1. e4 e5 2. Nf3 Nf6 3. Nxe5 d6 4. Nf3 Nxe4 5. d4 Nf6 6. Bd3 Be7 7. O-O Bg4 8. c4 O-O 9. b3 Re8 10. Nc3 Nc6
11. Be2 Bf8 12. Bg5 g6 13. a4 Bg7 14. d5 Bxf3 15. Bxf3 Ne5 16. Re1 Qd7 17. Be2 Qf5 18. Be3 Re7 19. Nb5 h5 20. Nxa7 Rae8
21. Qd2 Ne4 22. Qc2 Ng4 23. Bxg4 hxg4 24. Rad1 Qh5 25. Rd3 Be5 26. g3 Bf6 27. Rf1 Bg5 28. Bd4 f5 29. Nb5 Rh7 30. f4 gxf3
31. Rdxf3 Nd2 32. R3f2 Nxf1 33. Kxf1 Qh3+ 34. Rg2 Rhe7 35. Nc3 Re1+ 36. Kf2 Rh1 37. Qd3 Ree1 38. Nd1 Rxd1 39. Qxd1 Rxd1 40. Bc3 Rc1
41. Bd2 Bxd2 42. Rg1 Rxg1
0-1

[Event "The First Jerusalem Open"]
[Site "SchemingMind.com"]
[Date "2007.12.07"]
[Round "-"]
[White "egis"]
[Black "esteves101"]
[Result "1/2-1/2"]
[WhiteCountry "LTU"]
[BlackCountry "PHI"]
[WhiteElo "1989"]
[WhiteRD "81"]
[BlackElo "2203"]
[BlackRD "70"]
[GameID "131477"]

1. e4 e5 2. Nf3 Nf6 3. Nxe5 Qe7 4. d4 d6 5. Nc4 Qxe4+ 6. Be3 d5 7. Ne5 Ng4 8. Nxg4 Bxg4 9. Qd2 Qe6 10. Bd3 Nc6
11. O-O Bd6 12. Nc3 O-O 13. Bf4 Bxf4 14. Qxf4 Qd7 15. Rfe1 Nb4 16. a3 Nxd3 17. cxd3 c6 18. b4 Rfe8 19. a4 Bf5 20. Red1 Qe6
21. b5 Bxd3 22. Qd2 Qf5 23. f3 Re6 24. h3 a6 25. bxc6 bxc6 26. Re1 Rb8 27. Rxe6 Qxe6 28. Qxd3 Qf6 29. a5 g6 30. Ra3 Kg7
31. Kf2 Qh4+ 32. Kf1 Rb2 33. Nd1 Rb4 34. Rc3 Rxd4 35. Qc2 Qg5 36. Nf2 Rd2 37. Qc1 d4 38. Rxc6 Qxa5 39. Rc5 Qa2 40. Ne4 Rb2
41. Qe1 Qa3 42. Qd1 d3 43. Rc1 d2 44. Rc8 Qd3+ 45. Kf2 f5 46. Nc5 Qd4+ 47. Ke2 Qc4+ 48. Nd3 Qe6+ 49. Kf2 Qxc8 50. Nxb2 Qc5+
51. Ke2 Qe5+ 52. Kxd2 Qxb2+ 53. Ke3 Qc3+ 54. Kf2 Qc5+ 55. Kf1 a5 56. Qd7+ Kh6 57. Qd2+ g5 58. h4 Qc4+ 59. Kg1 Qxh4 60. Qd6+ Kh5
61. Qe7 Qd4+ 62. Kh2 Qh4+ 63. Kg1 Qd4+ 64. Kh2 Qh4+ 65. Kg1 Qd4+ 66. Kh2 Qh4+ 67. Kg1 Qd4+ 68. Kh2 Qf4+ 69. Kg1 Qc1+ 70. Kh2 Qf4+=
1/2-1/2

[Event "The First Jerusalem Open"]
[Site "SchemingMind.com"]
[Date "2007.12.07"]
[Round "-"]
[White "egis"]
[Black "Chess_Man01"]
[Result "0-1"]
[WhiteCountry "LTU"]
[BlackCountry "GBR"]
[WhiteElo "1985"]
[WhiteRD "77"]
[BlackElo "2178"]
[BlackRD "67"]
[GameID "131478"]

1. Nf3 Nf6 2. g3 b6 3. Bg2 Bb7 4. O-O e6 5. c4 Be7 6. d4 O-O 7. Nbd2 c5 8. dxc5 bxc5 9. b3 d5 10. Bb2 Nc6
11. a4 Qb6 12. cxd5 exd5 13. e3 Nb4 14. Ne5 Qe6 15. Qb1 Ba6 16. Re1 Nd7 17. Nxd7 Qxd7 18. Nf3 Qe6 19. Rd1 Rfd8 20. Bc3 Rab8
21. Qb2 Bf8 22. Ng5 Qg6 23. h4 h6 24. Nf3 Qe6 25. Qd2 Be7 26. Ne5 Bf6 27. f4 Bxe5 28. Bxe5 Rb7 29. Bc3 Qg4 30. Bxb4 Rxb4
31. Qe1 Rxb3 32. Bxd5 Rxd5 33. Rxd5 Rb2 34. Rd8+ Kh7 35. Rd2 Rxd2 36. Qxd2 Qxg3+ 37. Qg2 Qxe3+ 38. Qf2 Qh3 39. Rb1 c4 40. Rb4 c3
41. Rb3 Qd3 42. Ra3 Qd1+ 43. Kg2 c2 44. Rc3 c1=Q 45. Rxc1 Qxc1 46. Qxa7 Qc2+ 47. Kg3 Qc3+ 48. Kg2 Qc6+ 49. Kf2 Qxa4 50. Qxf7 Qc2+
51. Kg3 Qg6+ 52. Qxg6+ Kxg6 53. Kf3 Bb7+ 54. Kf2 Kf5 55. Ke3 Kg4 56. Kd4 Kxf4 57. h5 Kg5 58. Kc5 Kxh5 59. Kb6 g5 60. Kxb7 g4
61. Kc6 g3 62. Kd6 g2 63. Ke5 g1=Q 64. Kd5 Kg5 65. Kc4 h5
0-1

[Event "The First Jerusalem Open"]
[Site "SchemingMind.com"]
[Date "2007.12.07"]
[Round "-"]
[White "egis"]
[Black "SLAINTIE MHATH"]
[Result "1-0"]
[WhiteCountry "LTU"]
[BlackCountry "POL"]
[WhiteElo "2032"]
[WhiteRD "72"]
[BlackElo "1589"]
[BlackRD "54"]
[GameID "131479"]

1. e4 g6 2. d4 d6 3. Nc3 e6 4. Nf3 Bg7 5. Bb5+ Bd7 6. O-O Bxb5 7. Nxb5 a6 8. Nc3 h6 9. a4 Ne7 10. b3 Nd7
11. Be3 f5 12. exf5 Nxf5 13. Ne4 Qe7 14. c4 Nh4 15. Nxh4 Nf8 16. Nf3 O-O-O 17. Qd3 d5 18. cxd5 Rxd5 19. Qc4 Nd7 20. Bc1 Nb6
21. Qc3 Rhd8 22. Ba3 Qe8 23. Bc5 Qc6 24. Bxb6 Qxb6 25. a5 Qa7 26. Rfd1 Bxd4 27. Nxd4 Rxd4 28. Re1 Rd3 29. Qc4 Qd4 30. Qxd4 R8xd4
31. Nc5 Rc3 32. Nxe6 Rb4 33. Nf8 c6 34. Re8+ Kc7 35. Rd1 c5 36. Ne6+ Kc6 37. Rc8+ Kb5 38. Nc7+ Kxa5 39. Ra1+ Kb6 40. Nd5+ Ka7
41. Nxc3 Rxb3 42. Rxc5 b6 43. Rc7+ Kb8 44. Nd5 Rd3 45. Rd7 Kc8 46. Nxb6+
1-0

[Event "The First Jerusalem Open"]
[Site "SchemingMind.com"]
[Date "2007.12.07"]
[Round "-"]
[White "reptile"]
[Black "egis"]
[Result "0-1"]
[WhiteCountry "ISR"]
[BlackCountry "LTU"]
[WhiteElo "1888"]
[WhiteRD "83"]
[BlackElo "1989"]
[BlackRD "81"]
[GameID "131480"]

1. d4 Nf6 2. c4 e6 3. Nc3 Bb4 4. e3 c5 5. Nf3 Nc6 6. Bd3 O-O 7. O-O d5 8. a3 Bxc3 9. bxc3 b6 10. Re1 a5
11. Qc2 Ba6 12. cxd5 exd5 13. Rb1 Bxd3 14. Qxd3 Ne7 15. c4 dxc4 16. Qxc4 Rb8 17. a4 Ne4 18. Rd1 cxd4 19. Rxd4 Rc8 20. Qb3 Nc5
21. Qd1 Qc7 22. Bb2 Nf5 23. Rd5 Ne7 24. Rg5 f6 25. Rh5 Qc6 26. Rh4 Nd5 27. Nd4 Qd7 28. Nb5 Qe6 29. Qh5 h6 30. Nd4 Qd7
31. Nf5 Ne7 32. Nxg7 Rf7 33. Qxh6 Rxg7 34. Qxf6 Nf5 35. Rh5 Nd3 36. Rxf5 Nxb2 37. h4 Nxa4 38. h5 Qf7 39. Qe5 Qe8 40. Qf4 Nc3
41. Re1 Qe4 42. Qxe4 Nxe4 43. Rf4 Nd2 44. Ra1 Rc5 45. Rf6 Rxh5 46. Ra4 Rc7 47. f4 Nc4 48. g4 Rh3 49. e4 Ne3
0-1

[Event "The First Jerusalem Open"]
[Site "SchemingMind.com"]
[Date "2007.12.07"]
[Round "-"]
[White "esteves101"]
[Black "egis"]
[Result "1-0"]
[WhiteCountry "PHI"]
[BlackCountry "LTU"]
[WhiteElo "2081"]
[WhiteRD "62"]
[BlackElo "2029"]
[BlackRD "75"]
[GameID "131481"]

1. e4 c5 2. Nc3 e6 3. Nf3 a6 4. Be2 Be7 5. d4 cxd4 6. Nxd4 Nc6 7. Nxc6 dxc6 8. Bf4 Qb6 9. Qd3 Nf6 10. O-O-O O-O
11. Qg3 Bb4 12. Be5 Kh8 13. a3 Bxc3 14. bxc3 Qa5 15. Kb2 Qb6+ 16. Ka2 Qa5 17. c4 h6 18. Qf4 Nh7 19. Bd6 Rg8 20. Qxf7 e5
21. Qg6 Nf8 22. Qh5 Nd7 23. Be7 Kh7 24. Qf7 Kh8 25. Rd6 Qc3 26. Rc1 Qd4 27. Rxd4 exd4 28. Rd1 c5 29. Bd6 Ra7 30. e5 a5
31. Bf3 b6 32. e6 Ne5 33. Qxa7 Nxc4 34. Qe7 Nxd6 35. Qxd6 Bxe6+ 36. Qxe6 a4 37. Re1 Rf8 38. Qg6 b5 39. Re7
1-0

[Event "The First Jerusalem Open"]
[Site "SchemingMind.com"]
[Date "2007.12.07"]
[Round "-"]
[White "Chess_Man01"]
[Black "egis"]
[Result "1-0"]
[WhiteCountry "GBR"]
[BlackCountry "LTU"]
[WhiteElo "2132"]
[WhiteRD "65"]
[BlackElo "1954"]
[BlackRD "77"]
[GameID "131482"]

1. e4 e6 2. d4 d5 3. Nd2 c5 4. exd5 exd5 5. dxc5 Bxc5 6. Ngf3 Nf6 7. Nb3 O-O 8. Nxc5 Re8+ 9. Be2 Qa5+ 10. c3 Qxc5
11. O-O Nc6 12. Bg5 Qe7 13. Re1 Bg4 14. h3 Be6 15. Bd3 a5 16. Qa4 Reb8 17. Rad1 b6 18. Qxc6 Rc8 19. Qxb6 Rab8 20. Qa6 Ra8
21. Bxf6 Qxf6 22. Qd6 Rab8 23. Rd2 a4 24. Nd4 Rd8 25. Qe5 Qxe5 26. Rxe5 Rb6 27. Bf5 Bxf5 28. Nxf5 Rdb8 29. Rexd5 h6 30. Rd8+ Rxd8
31. Rxd8+ Kh7 32. Rd2 Rc6 33. Rc2 Rc5 34. Nd6 Kg6 35. b3 axb3 36. axb3 Rc6 37. Ne4 Kf5 38. f3 Rb6 39. b4 Ke6 40. Rd2 f5
41. Nc5+ Ke7 42. Re2+ Kf7 43. Kf2 h5 44. Re5 g6 45. Ke3 Rb8 46. Kd3 Rd8+ 47. Kc2 Rb8 48. Kb3 Rd8 49. b5 Rd6 50. Re6 Rxe6
51. Nxe6 Kxe6 52. c4 g5 53. c5 Kd5 54. c6 Kd6 55. Kc4 g4 56. hxg4 fxg4 57. fxg4 hxg4 58. g3 Kc7 59. Kc5 Kc8 60. b6 Kd8
61. Kd6 Kc8 62. b7+ Kb8 63. Kd7 Ka7 64. Kc7
1-0

[Event "The First Jerusalem Open"]
[Site "SchemingMind.com"]
[Date "2007.12.07"]
[Round "-"]
[White "SLAINTIE MHATH"]
[Black "egis"]
[Result "0-1"]
[WhiteCountry "POL"]
[BlackCountry "LTU"]
[WhiteElo "1608"]
[WhiteRD "49"]
[BlackElo "2036"]
[BlackRD "73"]
[GameID "131483"]

1. d4 Nf6 2. Nc3 d5 3. Bg5 Nbd7 4. e3 e6 5. Bb5 c6 6. Bd3 Bb4 7. Qd2 O-O 8. a3 Bd6 9. Nce2 b5 10. f4 a5
11. Nf3 a4 12. Ne5 Nb6 13. Ng3 Bb7 14. c3 h6 15. Bh4 Nc4 16. Nxc4 dxc4 17. Be4 Nxe4 18. Bxd8 Nxd2 19. Kxd2 Raxd8 20. Ke2 Be7
21. Rhg1 Rd5 22. e4 Rd7 23. e5 c5 24. Rad1 cxd4 25. Rxd4 Rxd4 26. cxd4 f6 27. Kf2 fxe5 28. dxe5 Bc5+ 29. Kf1 Rxf4+
0-1

[Event "The First Jerusalem Open"]
[Site "SchemingMind.com"]
[Date "2007.12.02"]
[Round "-"]
[White "Vaidotas"]
[Black "reptile"]
[Result "1/2-1/2"]
[WhiteCountry "LTU"]
[BlackCountry "ISR"]
[WhiteElo "1904"]
[WhiteRD "67"]
[BlackElo "1806"]
[BlackRD "85"]
[GameID "131497"]

1. e4 c5 2. d4 cxd4 3. c3 dxc3 4. Nxc3 Nc6 5. Nf3 d6 6. Bc4 e6 7. O-O Nf6 8. Qe2 Be7 9. Rd1 e5 10. Bg5 O-O
11. h3 Be6 12. Bxf6 Bxf6 13. Bd5 a6 14. Rac1 Rc8 15. Qd2 Be7 16. a3 Qd7 17. Kh2 Kh8 18. Na4 Qd8 19. b4 Re8 20. Qe3 Bf8
21. Bxc6 bxc6 22. Nxe5 Qh4 23. Nf3 Qh5 24. Nb6 Rc7 25. Qd3 Rb8 26. Nd5 Rcc8 27. Nf4 Qh6 28. Nxe6 Qxe6 29. Re1 Ra8= 30. e5 Be7
31. Nd4 Qd5 32. Qc4 dxe5 33. Nxc6 Qxc4 34. Rxc4 Re8 35. Nxe5 Kg8 36. Nf3 g6 37. Rce4 Bd6+ 38. g3 Rxe4 39. Rxe4 a5 40. bxa5 Rxa5
41. a4 Kg7 42. Kg2 Kf6 43. g4 h6 44. Nd2 Bc7 45. Rc4 Bd8 46. f4 h5 47. Kf3 hxg4+ 48. hxg4 Ke6 49. Nb3 Ra8 50. Ke4 Kd6
51. Nd4 Ra6 52. Nb5+ Ke7 53. Nd4 Kd6= 54. Nb5+ Ke7 55. Kd5 Kd7 56. Re4 Bf6 57. Rc4 Bd8 58. Nd4 Ra5+ 59. Ke4 Ra6= 60. f5 gxf5+
61. gxf5 Be7 62. Nb5 Bd8 63. Rd4+ Ke7 64. Nc3 Rd6 65. Rxd6 Kxd6 66. Nd5 Ba5 67. Ne3 Bd8 68. Nc4+ Kc5 69. Ne5 Bh4 70. Nxf7 Kb4=
71. Kf4 Bf6 72. Ne5 Kxa4 73. Nd7 Bh8 74. Ke4 Kb5=
1/2-1/2

[Event "The First Jerusalem Open"]
[Site "SchemingMind.com"]
[Date "2007.12.07"]
[Round "-"]
[White "Vaidotas"]
[Black "egis"]
[Result "0-1"]
[WhiteCountry "LTU"]
[BlackCountry "LTU"]
[WhiteElo "1951"]
[WhiteRD "70"]
[BlackElo "2036"]
[BlackRD "73"]
[GameID "131498"]

1. e4 c6 2. d4 d5 3. e5 Bf5 4. Ne2 Qa5+ 5. Bd2 Qb6 6. b4 e6 7. c3 Be7 8. Ng3 Nd7 9. Nxf5 exf5 10. Bd3 g6
11. a4 a5 12. O-O axb4 13. a5 Rxa5 14. Rxa5 Qxa5 15. cxb4 Qb6 16. e6 fxe6 17. Qe2 Kf7 18. Re1 Nf8 19. g4 fxg4 20. Qxg4 Bxb4
21. Qf3+ Nf6 22. Bg5 Nd7 23. Rd1 Rg8 24. Qf4 Kg7 25. Nd2 Bxd2 26. Rxd2 Ra8 27. Rd1 Qb3 28. Qf3 Ra2 29. Rb1 Rb2 30. Ra1 Qc3
31. Qe3 Ng4 32. Qg3 Qxd4 33. Rf1 Nde5 34. h3 Rxf2 35. Rxf2 Nxf2 36. Be3 Qa1+ 37. Kg2 Nfxd3
0-1

[Event "The First Jerusalem Open"]
[Site "SchemingMind.com"]
[Date "2007.12.03"]
[Round "-"]
[White "Vaidotas"]
[Black "esteves101"]
[Result "0-1"]
[WhiteCountry "LTU"]
[BlackCountry "PHI"]
[WhiteElo "1966"]
[WhiteRD "62"]
[BlackElo "2147"]
[BlackRD "64"]
[GameID "131499"]

1. e4 e5 2. Nf3 Nf6 3. Nxe5 Qe7 4. Nf3 Qxe4+ 5. Be2 Bd6 6. Nc3 Qf5 7. d3 Nc6 8. O-O O-O 9. Be3 Re8 10. h3 Bb4
11. Nd4 Nxd4 12. Bxd4 c5 13. Be3 d5 14. Nb5 Qd7 15. Na3 d4 16. Bg5 Bxa3 17. bxa3 Qf5 18. Bxf6 Qxf6 19. Bf3 Rb8 20. Rb1 b6
21. Bd5 Be6 22. Bb3 Bd7 23. Qd2 Qg6 24. Kh2 Bc6 25. g3 Qf5 26. f4 Re3 27. Rf2 Rbe8 28. Rg1 Qh5 29. Qd1 Re2 30. Qf1 Rxf2+
31. Qxf2 Re2
0-1

[Event "The First Jerusalem Open"]
[Site "SchemingMind.com"]
[Date "2007.12.03"]
[Round "-"]
[White "Vaidotas"]
[Black "Chess_Man01"]
[Result "0-1"]
[WhiteCountry "LTU"]
[BlackCountry "GBR"]
[WhiteElo "1960"]
[WhiteRD "67"]
[BlackElo "2289"]
[BlackRD "59"]
[GameID "131500"]

1. e4 e6 2. d4 d5 3. Nd2 Nf6 4. e5 Nfd7 5. Bd3 c5 6. c3 Nc6 7. Ne2 cxd4 8. cxd4 f6 9. exf6 Nxf6 10. Nf3 Bd6
11. O-O O-O 12. Ng3 Qb6 13. a3 e5 14. dxe5 Nxe5 15. Nxe5 Bxe5 16. Rb1 Ng4 17. Qc2 Rxf2 18. Rxf2 Nxf2 19. Bxh7+ Kh8 20. Kf1 Ng4
21. Ne2 Qf2#
0-1

[Event "The First Jerusalem Open"]
[Site "SchemingMind.com"]
[Date "2007.12.02"]
[Round "-"]
[White "Vaidotas"]
[Black "SLAINTIE MHATH"]
[Result "1-0"]
[WhiteCountry "LTU"]
[BlackCountry "POL"]
[WhiteElo "1945"]
[WhiteRD "76"]
[BlackElo "1702"]
[BlackRD "68"]
[GameID "131501"]

1. e4 b6 2. d4 e6 3. Nc3 Bb4 4. Qg4 Bxc3+ 5. bxc3 g6 6. Bg5 f6 7. Bd2 Bb7 8. Bd3 Qe7 9. Ne2 f5 10. Qf4 d6
11. O-O g5 12. Qf3 h5 13. d5 Nh6 14. exf5 Nxf5 15. Bxf5 exf5 16. Nd4 Nd7 17. Qxf5 O-O-O 18. Bxg5 Qf8 19. Bxd8 Qxd8 20. Nc6 Qf6
21. Nxa7+ Kd8 22. Qxf6+ Nxf6 23. c4 Ba6 24. Nb5 Ne4 25. Rfd1 Bc8 26. a4 Bg4 27. f3 Bxf3 28. gxf3 Rg8+ 29. Kf1 Ng5 30. Nd4 Nh3
31. Ke2 Nf4+ 32. Ke3 Ng2+ 33. Ke4
1-0

[Event "The First Jerusalem Open"]
[Site "SchemingMind.com"]
[Date "2007.12.02"]
[Round "-"]
[White "reptile"]
[Black "Vaidotas"]
[Result "0-1"]
[WhiteCountry "ISR"]
[BlackCountry "LTU"]
[WhiteElo "1862"]
[WhiteRD "80"]
[BlackElo "1966"]
[BlackRD "62"]
[GameID "131502"]

1. d4 d6 2. e4 c6 3. Nc3 g6 4. Nf3 Bg7 5. Bf4 Qb6 6. Rb1 Bg4 7. e5 d5 8. Na4 Qa5+ 9. c3 Bxf3 10. gxf3 e6
11. Nc5 Qc7 12. Qd2 b6 13. Nd3 c5 14. Bh3 Ne7 15. O-O h6 16. Be3 Nd7 17. Ne1 Nf5 18. Bxf5 gxf5 19. Ng2 Nf8 20. Nf4 Ng6
21. Nh5 Kf8 22. Kh1 Qe7 23. Nxg7 Kxg7 24. Rg1 c4 25. a4 Qh4 26. a5 Kh7 27. f4 Rhb8 28. a6 Rg8 29. Rg2 Ne7 30. Rbg1 Rxg2
31. Rxg2 Rg8 32. f3 Ng6 33. Kg1 Qh5 34. Qf2= Nh4 35. Rxg8 Kxg8 36. Qg3+ Qg6 37. Kf2= Qxg3+ 38. hxg3 Ng6 39. g4 Nf8 40. Ke2 Nd7
41. Kd2 Nb8 42. Kc2 Nxa6 43. b3 cxb3+ 44. Kxb3 Nc7 45. c4 dxc4+ 46. Kxc4 h5 47. gxh5 Nd5 48. Bc1 Kh7 49. Kb5 a5 50. Ba3 Kh6
51. Kc6 Kxh5 52. Kd7 b5 53. Ke8 b4 54. Bb2 Kg6 55. Kd7 a4 56. Kc6 a3 57. Bc1 Nxf4
0-1